000 00408nam a22001697a 4500
005 20230821104646.0
008 230817b |||||||| |||| 00| 0 eng d
020 _a978-93-89188-70-7
041 _aeng
082 _a615.8 SUN-T
100 _aSUNDER,S
_98090
245 _aTEXTBOOK OF REHABILITATION
260 _aNEW DELHI
_bJAYPEE BROTHERS
_c2020
300 _a624;p
650 _aBPT
_98091
942 _cBK
999 _c8380
_d8378